| 000 | 01015cam a2200241u 4500 | ||
|---|---|---|---|
| 001 | 7075187 | ||
| 005 | 20060809143952.0 | ||
| 008 | 810327s1967 nyu |d f001 0 eng d | ||
| 010 | _a 67013864 | ||
| 040 |
_aDLC _cCarP _dDLC |
||
| 050 | 0 | 0 |
_aUA646.3 _b.U445 |
| 082 |
_222 _a355.031091821 _bATL |
||
| 110 | 1 |
_aUnited States. _bCongress. _bSenate. _bCommittee on Government Operations. _bSubcommittee on National Security and International Operations. _910186 |
|
| 245 | 0 | 4 |
_aThe Atlantic Alliance: _bJackson Subcommittee Hearings and Findings/ _cEdited by Henry M. Jackson |
| 260 |
_aNew York: _bPraeger, _c1967 |
||
| 300 |
_a309p.; _c20 cm. |
||
| 500 | _aDonated by: Alaa Abdel Ghany | ||
| 500 | _aIncludes index | ||
| 610 | 2 | 0 |
_aNorth Atlantic Treaty Organization. _910187 |
| 700 | 1 |
_aJackson, Henry Martin, _d1912- [from old catalog] _eed. _910188 |
|
| 942 |
_2ddc _cBB |
||
| 999 |
_c13090 _d13090 |
||